000 00386nam a22001217a 4500
082 _a220 PRO
100 _aAZKA,ANUM,TAZEEN,DR SAAD RAHMAN
_972316
245 _aPR-SOF-1024-HIGH SPEED CRYPTO ENGINE BYTE SYSTOLIC FPGA IMPLEMENTATION OF AES
260 _aISLAMABAD
_bNUST COLLEGE OF EME
_c2010
650 _aDE-COMP-28
_972317
700 _aSUPERVISOR DR ALMAS ANJUM
_972318
942 _cCR
999 _c578401
_d578401